An introduction to fiber optics / (Record no. 175646)
[ view plain ]
| 000 -LEADER | |
|---|---|
| fixed length control field | 00962 a2200193 4500 |
| 003 - CONTROL NUMBER IDENTIFIER | |
| control field | Nust |
| 005 - DATE AND TIME OF LATEST TRANSACTION | |
| control field | 20220803154533.0 |
| 010 ## - LIBRARY OF CONGRESS CONTROL NUMBER | |
| LC control number | 95049050 |
| 020 ## - INTERNATIONAL STANDARD BOOK NUMBER | |
| International Standard Book Number | 0024101729 |
| 040 ## - CATALOGING SOURCE | |
| Transcribing agency | Nust |
| 082 00 - DEWEY DECIMAL CLASSIFICATION NUMBER | |
| Classification number | 621.3692,SHO |
| 100 1# - MAIN ENTRY--PERSONAL NAME | |
| Personal name | Shotwell, R. Allen. |
| 9 (RLIN) | 96465 |
| 245 12 - TITLE STATEMENT | |
| Title | An introduction to fiber optics / |
| Statement of responsibility, etc. | R. Allen Shotwell. |
| 260 ## - PUBLICATION, DISTRIBUTION, ETC. | |
| Place of publication, distribution, etc. | Upper Saddle River, N.J. : |
| Name of publisher, distributor, etc. | Prentice Hall, |
| Date of publication, distribution, etc. | c1997. |
| 300 ## - PHYSICAL DESCRIPTION | |
| Extent | x, 173 p. : |
| Other physical details | ill. ; |
| Dimensions | 24 cm. |
| 505 ## - FORMATTED CONTENTS NOTE | |
| Formatted contents note | An Introduction To Optical Fiber (Page-2), The Physics Of Light (Page-12), Light Propagation (Page-32), Types Of Optical Fiber And Their Properties (Page-44), Light Sources For Optical Fibers (Page-60), Optical Detectors (Page-80), Splices, Connectors, Cables And Other Components (Page-92), Fundamentals Of Communications (Page-108), Communications Applications For Optical Fiber (Page-120), Optical Fiber Measurement And Testing (Page-134). |
| 650 #0 - SUBJECT ADDED ENTRY--TOPICAL TERM | |
| Topical term or geographic name entry element | Telecommunication Engineering. |
| 942 ## - ADDED ENTRY ELEMENTS (KOHA) | |
| Source of classification or shelving scheme | |
| Koha item type | Book |
| Withdrawn status | Lost status | Source of classification or shelving scheme | Damaged status | Not for loan | Permanent Location | Current Location | Shelving location | Date acquired | Full call number | Barcode | Date last seen | Price effective from | Koha item type | Public note |
|---|---|---|---|---|---|---|---|---|---|---|---|---|---|---|
| Military College of Signals (MCS) | Military College of Signals (MCS) | Reference | 12/12/2016 | 621.3692,SHO | MCS7054 | 12/08/2016 | 12/12/2016 | Reference | Almirah No.20, Shelf No.6 |
